[Event "Caissa Guatemala Online"]
[Site "Chess.com INT"]
[Date "2021.01.23"]
[Round "6"]
[White "Romero C, Juan Carlos"]
[Black "Daemen, Jules"]
[Result "1-0"]
[WhiteElo "1759"]
[BlackElo "1778"]
[PlyCount "91"]
[EventDate "2021.01.23"]
[EventType "swiss (blitz)"]
[EventRounds "7"]
[EventCountry "GUA"]
[SourceTitle "CBM 200 Extra"]
[Source "ChessBase"]
[SourceDate "2021.03.31"]
[SourceVersion "1"]
[SourceVersionDate "2021.03.31"]
[SourceQuality "1"]

1. e4 e5 2. Nf3 Nf6 3. d4 exd4 4. e5 Qe7 5. Be2 Qb4+ 6. c3 dxc3 7. bxc3 Qb6 8. exf6 Qxf6 9. 0-0 Be7 10. Re1 0-0 11. Bg5 Qd6 12. Qxd6 Bxd6 13. Nbd2 Nc6 14. Nc4 Bc5 15. Be3 Bxe3 16. Nxe3 Re8 17. Nd4 d6 18. Nxc6 bxc6 19. Rab1 Be6 20. Rb2 a5 21. a3 a4 22. Rb7 Rab8 23. Reb1 Bb3 24. Rxc7 c5 25. h3 f5 26. Bf3 g6 27. Rd7 Red8 28. Rxd8+ Rxd8 29. Bd5+ Bxd5 30. Nxd5 Kf7 31. c4 Rd7 32. Kf1 g5 33. Ke2 Kg6 34. Rb6 f4 35. Ra6 Kf5 36. Rxa4 Ke5 37. Kd3 h5 38. Ra8 Rb7 39. a4 Rb3+ 40. Nc3 Rb2 41. a5 Rxf2 42. Re8+ Kf6 43. a6 Kf7 44. Re2 Rf1 45. Ra2 Rd1+ 46. Nxd1 1-0